Gesellschaftsformen - Statistiken

Allgemein
  • Dieses Quiz wurde 34 mal gespielt
  • Das Durchschnittsergebnis liegt bei 4 aus 9
Antwortstatistiken
Hint Antwort % Korrekt
Diese Rechtsform gehört zu den Kapitalgesellschaften und braucht
mindestens eine natürliche Person zur Gründung. Sie ist eine eigene
juristische Person. Es können jedoch beliebig viele Gesellschafter in einer ihr sein.
Diese haben ein geringes Risiko, da sie nur mit ihrem Gesellschaftsvermögen haften.
Das Mindestkapital bei dieser Rechtsform beträgt 25.000 € und davon muss mindestens die Hälfte zum Gründungszeitpunkt eingebracht werden (Sachgründung möglich).
Gesellschaft mit beschränkter Haftung
93%
Diese Rechtsform gehört zu den Kapitalgesellschaften und ist somit eine eigene juristische Person mit Rechten und Pflichten. Sie benötigt ein Stammkapital von 50.000 €, wovon mindestens die Hälfte zum Gründungszeitpunkt bereits ihr eingebracht werden muss. Die Gesellschafter erwerben Anteile am Unternehmen und sind somit Mit-Eigentümer des Unternehmens. Außerdem bietet es sich hiermit an, einen Börsengag durchzuführen. Hier werden Anteile des Unternehmens an Anleger verkauft. Dadurch wird die
Beschaffung von Eigenkapital erleichtert.
Aktiengesellschaft
83%
Diese Rechtsform ist eine Form der Personengesellschaft. Besonders ist hier, dass es neben führenden Gesellschaftern (Komplementäre) mindestens einen Person gibt, dessen Haftung auf seine im Gesellschaftsvertrag vereinbarte Haftsumme beschränkt ist. Diese Rechtsform wird oft genutzt, da der zusätzliche Gesellschafter nur Kapital ins Unternehmen bringt und nicht zur Mitarbeit oder Geschäftsführung verpflichtet ist. Kommanditgesellschaft
73%
Dies ist die einfachste Personengesellschaft. Sie entsteht automatisch, wenn mindestens zwei Gesellschafter sich zusammenschließen und einen gemeinsamen Zweck verfolgen. Bei dieser Rechtform bedarf es nicht einmal einen schriftlichen Vertrag. Gesellschaft bürgerlichen Rechts
57%
Diese Rechtsform ist eine Personenhandelsgesellschaft. Sie muss von mindestens zwei uneingeschränkt haftenden Gesellschaftern zum Betrieb eines gemeinsamen Handelsgewerbes gegründet werden muss. Neben natürlichen Personen können auch juristische
Personen als Gesellschafter fungieren. Diese Rechtsform ist rechtsfähig und kann daher Verträge abschließen und verklagt werden.
Offene Handelsgesellschaft
37%
Diese Rechtsform ist eine Sonderform einer anderen Rechtsform. Der große Unterschied ist, dass für die Gründung dieser das Mindestkapital von 1 € genügt. Deswegen ist diese Rechtsform gerade bei Start-ups sehrbeliebt. Es können unbegrenzt viele Gesellschafter in ihr arbeiten. Dabei orientieren sich die Rechte und Pflichten anhand der Beteiligung. Eine Besonderheit ist jedoch, dass mindestens 25 % des Jahresüberschusses abzüglich des Verlustvortrags aus dem Vorjahr in die Gewinnrücklagen fließen müssen. Diese Rücklagen sorgen ab einem Betrag von 25.000 € dafür, dass Sie zu einer anderen Rechtsform umgewandelt werden kann. Dieser Wechsel der Rechtsform ist freiwillig und sobald das Stammkapital auf 25.000 € oder mehr erhöht wird, entfällt auch die Pflicht zur Rücklagenbildung. Unternehmergesellschaft (haftungsbeschränkt)
23%
Dies ist die einfachste Rechtsform in Deutschland.
Sie können sowohl als eingetragener Kaufmann, als Kleingewerbetreibender oder
auch als Freiberufler ein Einzelunternehmen als Rechtsform wählen.
Einzelunternehmen
20%
Die Rechtsform der Partnerschaftsgesellschaft ist eine Personengesellschaft und bietet sich für alle Freiberufler an, die nicht alleine ein Unternehmen starten möchten. Diese Rechtsform kann nur von Freiberuflern gegründet werden und benötigt kein Stammkapital. Partnerschaftsgesellschaft
13%
Diese Rechtsform ist eine Mischform zweierlei Rechtsformen. Sie bleibt per Definition aber nur eine der Beiden und ist daher eine Personengesellschaft. Hier ist es so, dass der eine Teil zum haftenden Komplementär wird, anstelle eines Gesellschafters, der persönlich haftbar wäre. Dieser Teil haftet als juristische Person uneingeschränkt
mit ihrem Gesellschaftsvermögen.
Gesellschaft mit beschränkter Haftung & Compagnie Kommanditgesellschaft
0%
Keine übereinstimmenden Quizze gefunden
Verteilung der Resultate
Anzahl Personen mit jedem Resultat
Perzentil nach korrekt beantworteten Fragen
Ihre Resultats-Entwicklung
Sie haben dieses Quiz noch nicht gespielt